=LDR 00000nam 2200000 4500 =001 INLIS000000000018604 =005 20201117023723 =035 ##$$a 0010-061300000018604 =008 201117################g##########0#ind## =041 ##$$a Ind =082 ##$$a 320.3 =090 ##$$a 320.3, Per p =245 ##$$a Perbandingan sistem politik. =260 ##$$a Yogyakarta :$b UGM press,$c 2001 =300 ##$$a xvi, 277 hlm. ; $c 21x14 cm =650 #4$$a Politik perbandingan =700 #$$a MAS'UD, Muhtar =850 ##$$a NBPNMAT =020 ##$$a 979-420-007-7 =084 ##$$a 320.3 PER =250 ##$$a cet.1 =990 ##$$a 10310367 =990 ##$$a 10310365 =990 ##$$a 00090535